Prophecy and millenarianism : essays in honour of Marjorie Reeves /

Bibliographic Details
Other Authors: Reeves, Marjorie, Williams, Ann
Format: Book
Language:English
Published: Harlow, Essex : Longman, 1980.
Subjects:

MARC

Tag First Indicator Second Indicator Subfields
LEADER 00000cam a2200000 a 4500
001 in00000069290
005 20151008053326.0
008 820310s1980 enka b 01000 eng
010 |a  81109635  
015 |a GB*** 
020 |a 0582361362 :  |c 920.00 
035 |a (OCoLC)08307577 
035 |9 AAH7059AM 
039 0 |a 2  |b 3  |c 3  |d 3  |e 3 
040 |a DLC  |c DLC  |d TXA  |d UtOrBLW 
049 |a TXAM  |c [1561530] 
050 0 0 |a BX4705 J6  |b  P76 
082 0 |a 236  |2 19 
245 0 0 |a Prophecy and millenarianism :  |b essays in honour of Marjorie Reeves /  |c edited by Ann Williams. 
264 1 |a Harlow, Essex :  |b Longman,  |c 1980. 
300 |a x, 355 pages :  |b illustrations ;  |c 24 cm. 
336 |a text  |b txt  |2 rdacontent 
337 |a unmediated  |b n  |2 rdamedia 
338 |a volume  |b nc  |2 rdacarrier 
504 |a Includes bibliographical references. 
600 0 0 |a Joachim,  |c of Fiore,  |d approximately 1132-1202. 
600 1 0 |a Reeves, Marjorie. 
650 0 |a Millennialism. 
700 1 |a Reeves, Marjorie. 
700 1 |a Williams, Ann. 
999 |a MARS 
999 f f |s e96bba95-a0c7-3897-86c4-9d8039b3a696  |i 5be5785a-fdda-3249-9a3c-5066a604247e  |t 0 
952 f f |p ric  |a Texas A&M University  |b Rellis Campus  |c Joint Library Facility  |d Remote Storage  |t 0  |e BX4705 J6 P76  |h Library of Congress classification  |i unmediated -- volume  |m A14805948315 
998 f f |a BX4705 J6 P76  |t 0  |l Remote Storage